Hnojařský kalendář v kukuřičné výrobní oblasti Září

Podrobná bibliografia
Hlavný autor: Jelínek, Karel, 1900-1968 (Autor)
Médium: Článok
Jazyk:čeština

MARC

LEADER 00000nab a2200000uu 4500
001 vtls011454924
003 SK-MaSNL
005 20260303113032.0
008 230121|1971 xo |||||||||||||||||cze|
015 |a SNBRB 
035 |a (urnnbn)urn:nbn:sk:snk:ar-008l6j 
035 |a (uuid)fee8b270-db6c-4104-b13c-ef4a411ae217 
035 |a urn:nbn:sk:snk-abcq37 
040 |a SNKBUCL  |b slo  |c SNKBUCL  |e AACR2 
041 0 |a cze 
044 |a xo  |c SK 
100 1 |a Jelínek, Karel,  |d 1900-1968  |4 aut  |9 198602 
245 1 0 |a Hnojařský kalendář v kukuřičné výrobní oblasti  |b Září  |c Karel Jelínek 
773 0 |t Agrochémia : časopis pre chemizáciu poľnohospodárstva  |g Roč. 11, č. 9 (1971), s. [288a]-[288b] 
954 |a odborná, vedecká literatúra cudzojazyčná (svetová)  |2 lita 
958 |a OND 
958 |a EUIPO 
958 |a article16 
999 |c 1889710  |d 1891640